| 000 | 00678nam a22001817a 4500 | ||
|---|---|---|---|
| 003 | CEME | ||
| 005 | 20210628205205.0 | ||
| 008 | 210211b xxu||||| |||| 00| 0 eng d | ||
| 020 | _a0-7106-1559-0 | ||
| 040 | _c. | ||
| 082 | _a355-STS JAN'S | ||
| 100 |
_aStrachan, Ian W _963539 |
||
| 245 | _aJanes simulation and training system 1997-98 | ||
| 250 | _a10TH | ||
| 260 |
_aUK _bJANE'S INFORMATION GROUP _c1997 |
||
| 650 |
_aIMAGE DISPLAY SYSTEM IMAGE GENERATION SYSTEM MOTION CURING SYSTEM SIMULATION AND TRAINING SYSTEM FOR LAND-BASED EQUIPMENT SIMULATION FOR SHIP AND SEA SYSTEM EQUIPMENT AVIATION SYSTEM MULTIROLE SIMULATORS AND TRAINING DEVICES _974351 |
||
| 942 |
_cBK _2ddc |
||
| 999 |
_c579890 _d579890 |
||